[Event "chess.com SpeedChess Q2Sw"]
[Site "chess.com INT"]
[Date "2022.11.12"]
[Round "13"]
[White "Lewtak, Damian"]
[Black "Stoyanov, Tsvetan"]
[Result "0-1"]
[WhiteTitle "IM"]
[BlackTitle "IM"]
[WhiteElo "2385"]
[BlackElo "2456"]
[WhiteFideId "1141724"]
[BlackFideId "2917173"]
[EventDate "2022.11.12"]

1. e4 c5 2. Nf3 d6 3. Bb5+ Nd7 4. O-O a6 5. Bd3 Ngf6 6. Re1 e6 7. c3 b5 8. Bc2
c4 9. a4 Bb7 10. axb5 axb5 11. Rxa8 Qxa8 12. Qe2 Be7 13. d3 cxd3 14. Bxd3 O-O
15. Nbd2 b4 16. cxb4 Rc8 17. b3 Qa2 18. Nc4 Qxe2 19. Rxe2 d5 20. exd5 Bxd5 21.
Bd2 Rb8 22. Re1 Bxf3 23. gxf3 Bxb4 24. Bxb4 Rxb4 25. Bc2 Kf8 26. Kf1 Nd5 27. Ra1
N7b6 28. Nxb6 Nxb6 29. Ke2 h6 30. Kd2 Nd5 31. Ra8+ Ke7 32. Ra7+ Kf6 33. Kc1 Rh4
34. Be4 Rxh2 35. Bxd5 exd5 36. Ra2 h5 37. b4 h4 38. b5 h3 39. b6 Rh1+ 40. Kc2 h2
41. b7 Rc1+ 42. Kxc1 h1=Q+ 43. Kd2 Qh2 44. Ra8 Qxf2+ 45. Kd3 Qxf3+ 46. Kd4 Qf4+
47. Kxd5 Qf3+ 48. Kd6 Qxb7 49. Ra5 Qb6+ 50. Kd7 Qxa5 51. Kc6 g5 52. Kd6 g4 53.
Kc6 g3 54. Kd6 g2 55. Kc6 g1=Q 56. Kd6 Qgb6+ 57. Kd7 Qaa7+ 58. Kc8 Qbb8# 0-1

[Event "chess.com SpeedChess Q2Sw"]
[Site "chess.com INT"]
[Date "2022.11.12"]
[Round "13"]
[White "Kopylov, Alexander A."]
[Black "Shuvalova, Polina"]
[Result "1-0"]
[WhiteTitle "IM"]
[BlackTitle "IM"]
[WhiteElo "2397"]
[BlackElo "2492"]
[WhiteFideId "4164857"]
[BlackFideId "24171760"]
[EventDate "2022.11.12"]

1. e4 c5 2. Nf3 Nc6 3. Bb5 g6 4. O-O Bg7 5. Re1 Nf6 6. e5 Nd5 7. Nc3 Nc7 8. a4
O-O 9. h3 b6 10. d3 Bb7 11. Bg5 Ne6 12. Qd2 Nxg5 13. Qxg5 Nd4 14. Nxd4 cxd4 15.
Ne2 d6 16. Nxd4 Bxe5 17. c3 Bf6 18. Qh6 d5 19. a5 Qd6 20. a6 Bc8 21. Nf3 Bg7 22.
Qh4 Bf6 23. Ng5 h5 24. d4 Bf5 25. Re3 Kg7 26. Rf3 Be4 27. Nxe4 dxe4 28. Qxe4
Rad8 29. Re3 Bg5 30. Re2 Bf6 31. Qb7 Ra8 32. Rae1 Rfb8 33. Qc6 Rd8 34. Re4 Rac8
35. Qxd6 Rxd6 36. g3 Rc7 37. Kg2 e6 38. f4 Rd5 39. Bf1 h4 40. g4 Ra5 41. g5 Be7
42. Kf3 Ra2 43. Rb1 Bd6 44. Kg4 Rc8 45. Kxh4 Rh8+ 46. Kg4 Ra5 47. h4 Ra2 48. Bb5
Ra5 49. c4 Bb4 50. Rh1 Ra2 51. Re2 Rd8 52. Rd1 Bc3 53. d5 Rxb2 54. Rxb2 Bxb2 55.
d6 Ba3 56. d7 Bc5 57. h5 gxh5+ 58. Kxh5 Rh8+ 59. Kg4 Rd8 60. f5 exf5+ 61. Kxf5
Be7 62. Re1 Bc5 63. Re8 1-0

[Event "chess.com SpeedChess Q2Sw"]
[Site "chess.com INT"]
[Date "2022.11.12"]
[Round "13"]
[White "Drygalov, Sergey"]
[Black "Baskakov, Egor"]
[Result "1/2-1/2"]
[WhiteTitle "GM"]
[BlackTitle "CM"]
[WhiteElo "2547"]
[BlackElo "2215"]
[WhiteFideId "24171743"]
[BlackFideId "24197866"]
[EventDate "2022.11.12"]

1. d4 Nf6 2. c4 e6 3. Nf3 d5 4. Nc3 Ne4 5. g3 f5 6. Bg2 Be7 7. O-O O-O 8. Qc2 c6
9. b3 Bd7 10. Bb2 Be8 11. Ne5 Nd7 12. Nd3 g5 13. f3 Nxc3 14. Bxc3 Bg6 15. e3 Bd6
16. Qe2 Nf6 17. Ne5 Bxe5 18. dxe5 Nd7 19. Rad1 Qe7 20. e4 dxe4 21. fxe4 f4 22.
Rd6 fxg3 23. hxg3 Rxf1+ 24. Qxf1 Rf8 25. Qe2 h5 26. b4 g4 27. Qe3 Kg7 28. Qxa7
h4 29. Qxb7 Rf7 30. Qxc6 Qg5 31. Bd2 Qxe5 32. Rxd7 Qa1+ 33. Kh2 hxg3+ 34. Kxg3
Qe5+ 35. Kxg4 Qh2 36. Rxf7+ Bxf7 37. Bh3 Bh5+ 38. Kh4 Qf2+ 39. Kxh5 Qf3+ 40. Bg4
Qh1+ 41. Bh3 Qxh3+ 42. Kg5 Qg3+ 43. Kh5 Qh3+ 44. Kg5 Qg3+ 45. Kh5 Qh3+ 1/2-1/2

[Event "chess.com SpeedChess Q2Sw"]
[Site "chess.com INT"]
[Date "2022.11.12"]
[Round "13"]
[White "Kosakowski, Jakub"]
[Black "Parkhov, Yair"]
[Result "0-1"]
[WhiteTitle "IM"]
[BlackTitle "IM"]
[WhiteElo "2475"]
[BlackElo "2470"]
[WhiteFideId "1185080"]
[BlackFideId "2813408"]
[EventDate "2022.11.12"]

1. e4 e5 2. Nf3 Nc6 3. Bb5 Bc5 4. c3 f5 5. d4 exd4 6. e5 a6 7. Ba4 d3 8. Qxd3
Nge7 9. O-O d6 10. Bg5 O-O 11. Bxc6 bxc6 12. Nbd2 h6 13. Be3 Bxe3 14. Qxe3 Nd5
15. Qd3 Bb7 16. c4 Nf4 17. Qe3 Ng6 18. Rfe1 c5 19. exd6 cxd6 20. Rad1 Kh7 21.
Nb3 Qf6 22. Qe6 Bxf3 23. Qxf6 Rxf6 24. gxf3 Nh4 25. Rd3 Rff8 26. Nd2 Rae8 27.
Rxe8 Rxe8 28. Kf1 Re6 29. Ra3 Ng6 30. Rxa6 Nf4 31. a4 Nd3 32. a5 g5 33. h3 Nf4
34. Rb6 g4 35. fxg4 fxg4 36. hxg4 Kg6 37. a6 Re7 0-1

[Event "chess.com SpeedChess Q2Sw"]
[Site "chess.com INT"]
[Date "2022.11.12"]
[Round "13"]
[White "Omariev, Maksim"]
[Black "Klukin, Kirill"]
[Result "0-1"]
[WhiteTitle "FM"]
[BlackTitle "IM"]
[WhiteElo "2304"]
[BlackElo "2390"]
[WhiteFideId "4193423"]
[BlackFideId "24199273"]
[EventDate "2022.11.12"]

1. g4 c5 2. Bg2 Nc6 3. c4 g6 4. Nc3 Bg7 5. d3 e6 6. Be3 Nd4 7. Qd2 Ne7 8. h4 h5
9. gxh5 Rxh5 10. Nf3 Nef5 11. Bg5 Qa5 12. O-O-O d6 13. Kb1 f6 14. Bf4 Rb8 15. e3
Nc6 16. e4 Nfd4 17. Bxd6 Ra8 18. Nxd4 Nxd4 19. f4 Bd7 20. e5 Nf5 21. Bxb7 Rd8
22. Ne4 Qxd2 23. Rxd2 Nxd6 24. Nxd6+ Ke7 25. exf6+ Bxf6 26. Ne4 Bd4 27. Rg2 Rb8
28. Ba6 Kf7 29. Rh3 e5 30. Rhg3 exf4 31. Rxg6 Bf5 32. Rg7+ Bxg7 33. Nd6+ Kf8 34.
Nxf5 Rxf5 35. Bb5 f3 36. Rf2 Bd4 37. Rf1 f2 38. Kc2 a6 39. Bc6 Rxb2+ 40. Kc1
Rxa2 0-1

[Event "chess.com SpeedChess Q2Sw"]
[Site "chess.com INT"]
[Date "2022.11.12"]
[Round "13"]
[White "Artemiev, Vladislav"]
[Black "Duda, Jan-Krzysztof"]
[Result "1-0"]
[WhiteTitle "GM"]
[BlackTitle "GM"]
[WhiteElo "2701"]
[BlackElo "2731"]
[WhiteFideId "24101605"]
[BlackFideId "1170546"]
[EventDate "2022.11.12"]

1. d4 Nf6 2. c4 g6 3. Nf3 Bg7 4. g3 c6 5. Bg2 d5 6. O-O O-O 7. Ne5 Ng4 8. cxd5
cxd5 9. Bf4 Nxe5 10. Bxe5 Bxe5 11. dxe5 Nc6 12. Qxd5 Qxd5 13. Bxd5 Nxe5 14. Nc3
Bd7 15. Rfd1 Bc6 16. f4 e6 17. Bxc6 Nxc6 18. Rd7 b6 19. Ne4 Rfd8 20. Rad1 h6 21.
R1d6 Rxd7 22. Rxd7 Kf8 23. Kf2 Ne7 24. Nd6 a6 25. e4 b5 26. Ke3 b4 27. Kd4 a5
28. Kc5 f5 29. Kd4 Nc6+ 30. Kd3 Rd8 31. Rxd8+ Nxd8 32. Kd4 Ke7 33. Nc4 Nb7 34.
exf5 gxf5 35. Ke5 Nc5 36. Nxa5 Nd3+ 37. Kd4 Nxb2 38. Nc6+ Kd6 39. Nxb4 Na4 40.
Nd3 Ke7 41. Nc5 Nb6 42. a4 Nd5 43. Ke5 Nf6 44. Nxe6 Ng4+ 45. Kxf5 Nxh2 46. a5
Nf1 47. a6 Nxg3+ 48. Ke5 1-0

[Event "chess.com SpeedChess Q2Sw"]
[Site "chess.com INT"]
[Date "2022.11.12"]
[Round "13"]
[White "Shipov, Sergei"]
[Black "Postnikov, Daniil"]
[Result "1-0"]
[WhiteTitle "GM"]
[BlackTitle "FM"]
[WhiteElo "2541"]
[BlackElo "2360"]
[WhiteFideId "4113624"]
[BlackFideId "4166329"]
[EventDate "2022.11.12"]

1. d4 Nf6 2. c4 g6 3. Nc3 Bg7 4. e4 d6 5. Be2 O-O 6. g4 c5 7. g5 Nfd7 8. d5 e6
9. h4 exd5 10. exd5 Re8 11. Kf1 Qe7 12. h5 Ne5 13. f4 Ned7 14. Nf3 f6 15. hxg6
hxg6 16. Bd3 Nf8 17. Nh4 fxg5 18. fxg5 Nbd7 19. Kg2 Ne5 20. Be2 Bd7 21. Bf4 Rab8
22. Qd2 a6 23. a4 Ng4 24. Bxg4 Bxg4 25. Rae1 Qd7 26. Ne4 b5 27. axb5 axb5 28.
Nxd6 Rxe1 29. Rxe1 bxc4 30. Nxc4 Rb4 31. Qd3 Bf5 32. Nxf5 Qxf5 33. Qxf5 gxf5 34.
Rc1 Bxb2 35. Rc2 Bg7 36. Bd2 Rb3 37. Nd6 Rd3 38. Nxf5 Kf7 39. d6 Be5 40. Be3 Ke6
41. Rf2 c4 42. Kf1 Bxd6 43. Nxd6 Kxd6 44. Bf4+ Ke6 45. Ke2 Ng6 46. Be3 Rd5 47.
Rf6+ Ke7 48. Rxg6 c3 49. Rc6 1-0

[Event "chess.com SpeedChess Q2Sw"]
[Site "chess.com INT"]
[Date "2022.11.12"]
[Round "13"]
[White "Oparin, Grigoriy"]
[Black "Alekseenko, Kirill"]
[Result "0-1"]
[WhiteTitle "GM"]
[BlackTitle "GM"]
[WhiteElo "2683"]
[BlackElo "2687"]
[WhiteFideId "24125890"]
[BlackFideId "4135539"]
[EventDate "2022.11.12"]

1. d4 d5 2. c4 dxc4 3. Nf3 a6 4. e3 Bg4 5. Bxc4 e6 6. O-O Nc6 7. h3 Bh5 8. Nc3
Nf6 9. Re1 Be7 10. g4 Bg6 11. e4 O-O 12. a3 b5 13. Bb3 b4 14. axb4 Bxb4 15. Bg5
Be7 16. Bf4 a5 17. Ne5 Nxd4 18. Ba4 Bb4 19. Re3 c5 20. Bg3 h6 21. f4 Bh7 22. Bf2
Qc7 23. Rc1 Rad8 24. Qf1 Ne8 25. Qg2 g5 26. Bg3 f6 27. Nd3 Qa7 28. f5 c4 29. Nf2
Nxf5 30. exf5 Qxe3 31. Rf1 Bxc3 32. bxc3 exf5 33. gxf5 Ng7 34. Kh2 Bxf5 35. Bb5
Qxc3 36. Qc6 Kh7 37. Ne4 Bxe4 38. Qxe4+ f5 39. Qc6 Rd2+ 40. Bf2 Qe5+ 41. Kg1 c3
42. Ba4 Rfd8 43. Qc4 c2 44. Bxc2 R8d6 45. Bb1 Kg6 46. Qc8 Rd1 47. Qc4 Rxf1+ 48.
Qxf1 a4 49. Qc1 Qd5 50. Bc2 Rc6 51. Qb1 Nh5 52. Bxa4 Rd6 53. Bc2 Nf4 54. Qf1 Qf3
55. Kh2 Rd2 56. Qa6+ Kh5 57. Bxf5 Rxf2+ 0-1

[Event "chess.com SpeedChess Q2Sw"]
[Site "chess.com INT"]
[Date "2022.11.12"]
[Round "13"]
[White "Steinberg, Nitzan"]
[Black "Talibov, Shiroghlan"]
[Result "1-0"]
[WhiteTitle "GM"]
[BlackTitle "FM"]
[WhiteElo "2537"]
[BlackElo "2316"]
[WhiteFideId "2801795"]
[BlackFideId "13429078"]
[EventDate "2022.11.12"]

1. e4 e6 2. d4 d5 3. Nd2 dxe4 4. Nxe4 Bd7 5. Nf3 Bc6 6. Bd3 Nd7 7. O-O Ngf6 8.
Neg5 Bd6 9. Qe2 h6 10. Nxe6 fxe6 11. Bg6+ Kf8 12. c4 Bxf3 13. Qxf3 c6 14. Re1
Kg8 15. Bc2 Nf8 16. Bd2 Qc7 17. Qh3 Qf7 18. g3 Re8 19. Bc3 g6 20. d5 cxd5 21.
cxd5 e5 22. f4 exf4 23. Rxe8 Bc5+ 24. Kh1 Qxd5+ 25. Qg2 Qxg2+ 26. Kxg2 Nxe8 27.
Bb3+ Kh7 28. Rf1 g5 29. gxf4 Ng6 30. Bxh8 Nxh8 31. f5 Kg7 32. Re1 Nd6 33. Re7+
Kf6 34. Re6+ Kxf5 35. Rxh6 Nhf7 36. Rh7 Kg6 37. Bc2+ Kf6 38. a3 Bd4 39. b4 Bb2
40. Rh3 Be5 41. Rf3+ Bf4 42. h4 Ke5 43. h5 Nh6 44. Rf1 Ndf5 45. Re1+ Kf6 46. Bb3
g4 47. Re8 Kg5 48. Ra8 a6 49. Ra7 Nh4+ 50. Kf1 g3 51. Bd5 N6f5 52. Bxb7 Ne3+ 53.
Ke2 Ng4 54. Rxa6 Ne5 55. h6 1-0

[Event "chess.com SpeedChess Q2Sw"]
[Site "chess.com INT"]
[Date "2022.11.12"]
[Round "13"]
[White "Fedoseev, Vladimir3"]
[Black "Salem, A.R. Saleh"]
[Result "0-1"]
[WhiteTitle "GM"]
[BlackTitle "GM"]
[WhiteElo "2688"]
[BlackElo "2677"]
[WhiteFideId "24130737"]
[BlackFideId "9301348"]
[EventDate "2022.11.12"]

1. Nf3 Nf6 2. g3 g6 3. Bg2 Bg7 4. O-O O-O 5. c4 d6 6. d4 Nc6 7. Nc3 e5 8. d5 Nb8
9. c5 Na6 10. cxd6 cxd6 11. e4 Nc5 12. Qe2 b5 13. b4 Na4 14. Nxa4 bxa4 15. Ba3
Qb6 16. b5 Bd7 17. Rab1 Rfc8 18. Rfc1 Rxc1+ 19. Bxc1 a6 20. Be3 Qb7 21. b6 Nxe4
22. Qc4 Nc5 23. Bxc5 Rc8 24. Qh4 Rxc5 25. Ng5 Bf5 26. Qxh7+ Kf8 27. Be4 Bc8 28.
Qh4 Kg8 29. Nf3 Bf8 30. Ng5 Bg7 31. Bg2 Bf5 32. Ne4 Bxe4 33. Qd8+ Bf8 34. Bxe4
Kg7 35. h4 Be7 36. Qxe7 Qxe7 37. b7 Rc1+ 38. Rxc1 Qxb7 39. Rc2 Qb4 40. Re2 a3
41. Kg2 Qc4 42. Bf3 f5 43. Rd2 e4 44. Bd1 a5 45. Bb3 Qb4 46. Rc2 a4 47. Bc4 Kf6
48. Be2 Qb2 49. Bd1 Qb1 50. Rd2 Qb4 51. Rc2 Qd4 52. Be2 Qxd5 53. Bc4 Qc5 54. h5
gxh5 0-1

[Event "chess.com SpeedChess Q2Sw"]
[Site "chess.com INT"]
[Date "2022.11.12"]
[Round "13"]
[White "Sreyas, Payyappat"]
[Black "Costachi, Mihnea"]
[Result "0-1"]
[WhiteTitle "FM"]
[BlackTitle "IM"]
[WhiteElo "2145"]
[BlackElo "2476"]
[WhiteFideId "46674969"]
[BlackFideId "1217518"]
[EventDate "2022.11.12"]

1. e4 c6 2. d4 d5 3. Nc3 dxe4 4. Nxe4 Nf6 5. Nxf6+ exf6 6. Bc4 Bd6 7. Qe2+ Qe7
8. Qxe7+ Kxe7 9. Nf3 Re8 10. O-O Kf8 11. Be3 Nd7 12. Rad1 Nb6 13. Bb3 Bg4 14. c4
Nd7 15. c5 Bc7 16. d5 cxd5 17. Bxd5 Ne5 18. Nxe5 Bxe5 19. f3 Bxb2 20. Bf4 Bc8
21. Bd6+ Kg8 22. c6 bxc6 23. Bxc6 Ba6 24. Rf2 Bd4 25. Bxa8 Bxf2+ 26. Kxf2 Rxa8
27. Bc5 Bc4 28. a3 a6 29. Rd7 h5 30. Kg3 Rc8 31. Bd4 Bb5 32. Rd5 Rc4 33. Kh4 Rc2
34. Kg3 Bf1 35. Bf2 h4+ 36. Kxh4 Rxf2 37. Rd1 Bxg2 38. Kg3 Ra2 39. Rg1 Bxf3 40.
Kxf3 Rxh2 41. Rg4 Rh3+ 42. Kg2 Rxa3 43. Rb4 a5 44. Rb8+ Kh7 45. Ra8 Kg6 46. Ra6
Kg5 47. Ra7 Kg6 48. Kf2 a4 49. Kg2 f5 50. Kf2 Kf6 51. Ke2 f4 52. Kf2 g5 53. Ra6+
Kf5 54. Ra7 Ra2+ 55. Kf1 f6 56. Ra6 a3 57. Kg1 f3 58. Ra4 g4 59. Kf1 g3 60. Ke1
g2 61. Rg4 Rb2 62. Rg3 f2+ 63. Kd1 f1=Q# 0-1

[Event "chess.com SpeedChess Q2Sw"]
[Site "chess.com INT"]
[Date "2022.11.12"]
[Round "13"]
[White "Eljanov, Pavel"]
[Black "Jobava, Baadur"]
[Result "0-1"]
[WhiteTitle "GM"]
[BlackTitle "GM"]
[WhiteElo "2706"]
[BlackElo "2578"]
[WhiteFideId "14102951"]
[BlackFideId "13601520"]
[EventDate "2022.11.12"]

1. d4 d5 2. c4 dxc4 3. Nf3 Nf6 4. e3 Bg4 5. Bxc4 e6 6. h3 Bh5 7. Nc3 Nc6 8. O-O
Bd6 9. b3 O-O 10. Bb2 Qe8 11. Be2 Rd8 12. Nd2 Bxe2 13. Qxe2 e5 14. d5 Ne7 15. e4
Ng6 16. Nc4 Nf4 17. Qf3 Kh8 18. Ne2 g5 19. g3 Nxe2+ 20. Qxe2 Rg8 21. Qf3 Rg6 22.
Ne3 Qd7 23. g4 Kg8 24. Nf5 Ne8 25. Kg2 Ng7 26. Ng3 Qe7 27. Rac1 a6 28. Rc2 Rf6
29. Qe3 h6 30. Rfc1 Rf4 31. Ne2 Rf6 32. Rc4 Ra8 33. R1c2 Rg6 34. Ng3 Rf6 35. Bc1
Rg6 36. Qe2 Rf6 37. Be3 b6 38. Rc6 Qd7 39. Nf5 Nxf5 40. gxf5 Kh7 41. Qh5 Rg8 42.
Kf1 a5 43. a4 Qd8 44. Ke2 Qb8 45. Rc1 b5 46. Rg1 bxa4 47. bxa4 Qb2+ 48. Kf3 Qb3
49. Rcc1 Qxa4 50. Bxg5 Rxg5 51. Rxg5 Qa3+ 52. Kg2 Qxc1 53. Rg4 a4 54. Qh4 Be7
55. Qg3 Bf8 56. Rg8 Qa3 57. Qg4 Qd6 58. Qg3 a3 0-1

[Event "chess.com SpeedChess Q2Sw"]
[Site "chess.com INT"]
[Date "2022.11.12"]
[Round "13"]
[White "Nenezic, Marko"]
[Black "Jumabayev, Rinat"]
[Result "0-1"]
[WhiteTitle "IM"]
[BlackTitle "GM"]
[WhiteElo "2510"]
[BlackElo "2620"]
[WhiteFideId "912123"]
[BlackFideId "13702661"]
[EventDate "2022.11.12"]

1. d4 Nf6 2. c4 e6 3. Nc3 Bb4 4. e3 O-O 5. Ne2 Re8 6. a3 Bf8 7. Ng3 d5 8. cxd5
exd5 9. Bd3 a5 10. O-O c6 11. b3 Na6 12. Ra2 Bd6 13. Nf5 Bc7 14. f3 g6 15. Ng3
h5 16. f4 Ng4 17. Qf3 f5 18. Bb1 Bd6 19. Nh1 Qb6 20. Bc2 Nc7 21. h3 Nf6 22. Nf2
c5 23. Na4 Qc6 24. dxc5 Bf8 25. Qg3 Ne4 26. Qf3 Ne6 27. Nd3 N6xc5 28. Naxc5 Bxc5
29. Nxc5 Qxc5 30. Bxe4 Rxe4 31. Qd1 Be6 32. Rc2 Qb6 33. Kh1 d4 34. exd4 Bxb3 35.
Rb2 a4 36. d5 Qd6 37. Qd3 Bc4 38. Qf3 Bxf1 39. Qxf1 Qxd5 40. Rd2 Qe6 41. Rd1 Re8
42. Bd2 Qc4 43. Qg1 Qd4 44. Qf1 Qc4 45. Qg1 Rd4 46. Bb4 Rxd1 47. Qxd1 Qe6 48.
Qd4 Kh7 49. Bc3 Qf7 50. Qb6 Rc8 51. Be5 h4 52. Kh2 Qe7 53. Qb5 Ra8 54. Qb6 Rg8
55. Qb5 Ra8 56. Qb6 Ra6 57. Qb5 g5 58. fxg5 Re6 59. Bf6 Qd6+ 60. Kh1 Re1+ 0-1

[Event "chess.com SpeedChess Q2Sw"]
[Site "chess.com INT"]
[Date "2022.11.12"]
[Round "13"]
[White "Yuan, Qingyu"]
[Black "Meier, Georg"]
[Result "0-1"]
[BlackTitle "GM"]
[WhiteElo "2373"]
[BlackElo "2615"]
[WhiteFideId "8609772"]
[BlackFideId "4675789"]
[EventDate "2022.11.12"]

1. e4 e6 2. d4 d5 3. e5 c5 4. c3 Ne7 5. Na3 Nec6 6. Nc2 b6 7. Nf3 Be7 8. Bd3 Ba6
9. O-O Qc8 10. Bg5 Bxd3 11. Qxd3 Qa6 12. Qd2 O-O 13. h4 Nd7 14. Bxe7 Nxe7 15.
Ne3 Rfc8 16. Rfc1 Rc7 17. b3 Rac8 18. a4 h6 19. Rc2 cxd4 20. cxd4 Rxc2 21. Nxc2
Rc7 22. Ne3 Qc8 23. Ra2 Rc1+ 24. Kh2 Nf5 25. Rc2 Rxc2 26. Qxc2 Qxc2 27. Nxc2 h5
28. Nb4 Nb8 29. Kg1 a5 30. Nc2 Nc6 31. Kf1 f6 32. exf6 gxf6 33. Ke2 Kf7 34. g3
Kg6 35. Kd3 e5 36. dxe5 fxe5 37. Ng5 Kf6 38. Kd2 Ncd4 39. Nxd4 Nxd4 40. Kc3 Kf5
41. b4 axb4+ 42. Kxb4 e4 43. Nh3 Ne6 44. Kb5 Kg4 45. Ng1 d4 46. Ne2 d3 47. Nc3
Kf3 48. Kxb6 Kxf2 49. a5 e3 50. a6 e2 51. a7 e1=Q 52. a8=Q Qxc3 53. Qe8 Qd4+ 54.
Kc6 d2 55. Qf7+ Kg2 56. Qxe6 d1=Q 57. Qf7 Qf3+ 58. Qxf3+ Kxf3 0-1

[Event "chess.com SpeedChess Q2Sw"]
[Site "chess.com INT"]
[Date "2022.11.12"]
[Round "13"]
[White "Rustemov, Alexander"]
[Black "Demidov, Mikhail"]
[Result "0-1"]
[WhiteTitle "GM"]
[BlackTitle "GM"]
[WhiteElo "2525"]
[BlackElo "2568"]
[WhiteFideId "4119002"]
[BlackFideId "4197143"]
[EventDate "2022.11.12"]

1. d4 g6 2. c4 Bg7 3. Nf3 d6 4. g3 Nf6 5. Bg2 Bf5 6. Qb3 Qc8 7. O-O O-O 8. Nc3
Nc6 9. d5 Nb8 10. Be3 Na6 11. Rac1 c5 12. Qd1 Nc7 13. Qd2 a6 14. b3 b5 15. Bh6
Rb8 16. Bxg7 Kxg7 17. Rfe1 Bh3 18. e4 Bxg2 19. Kxg2 bxc4 20. bxc4 Rb4 21. e5 Nd7
22. exd6 exd6 23. Ne4 Ne8 24. Qc3+ Ndf6 25. Nfg5 Qd8 26. a3 Rb8 27. Re3 h6 28.
Nf3 Kg8 29. Nfd2 Ng4 30. Re2 f5 31. f3 fxe4 32. fxg4 Qf6 33. Nxe4 Qxc3 34. Rxc3
Rb7 35. Rf3 Rxf3 36. Kxf3 Kf7 37. h4 Rb6 38. g5 h5 39. Kf4 Ng7 40. Nf6 Rb3 41.
Re3 Rb1 42. g4 Rc1 43. Re4 Rf1+ 44. Kg3 Ra1 45. gxh5 gxh5 46. Rf4 Rxa3+ 47. Kf2
Kg6 48. Ke2 Nf5 49. Kd2 Rh3 50. Nxh5 Nxh4 51. Nf6 Kxg5 52. Rf2 Nf3+ 53. Kc1 Kxf6
54. Re2 Ne5 55. Rf2+ Rf3 56. Rh2 Rc3+ 57. Kb2 Rxc4 58. Rh6+ Ng6 0-1

[Event "chess.com SpeedChess Q2Sw"]
[Site "chess.com INT"]
[Date "2022.11.12"]
[Round "13"]
[White "Harsha, Bharathakoti"]
[Black "Zhu, Jiner"]
[Result "1-0"]
[WhiteTitle "GM"]
[BlackTitle "WGM"]
[WhiteElo "2582"]
[BlackElo "2486"]
[WhiteFideId "5078776"]
[BlackFideId "8608059"]
[EventDate "2022.11.12"]

1. e4 c5 2. Nf3 d6 3. Bb5+ Bd7 4. Bxd7+ Nxd7 5. O-O Ngf6 6. Qe2 e6 7. c3 Be7 8.
d4 cxd4 9. cxd4 d5 10. e5 Ne4 11. Rd1 Rc8 12. Be3 Qb6 13. Ne1 f5 14. f3 Ng5 15.
Nd3 Nf7 16. Nc3 g5 17. Bf2 O-O 18. Nxd5 exd5 19. e6 Qd6 20. exd7 Qxd7 21. Nc5
Bxc5 22. dxc5 Rfe8 23. Qd2 Rcd8 24. Bd4 Re6 25. Bc3 h6 26. Qd4 Ne5 27. Re1 Rde8
28. Rad1 Kh7 29. Kf2 Ng6 30. Rxe6 Rxe6 31. g3 Re5 32. Qd3 Re7 33. Qxd5 Qb5 34.
Rd2 f4 35. Qf5 fxg3+ 36. hxg3 b6 37. Rd6 Qxc5+ 38. Qxc5 bxc5 39. Rc6 Ne5 40.
Bxe5 Rxe5 41. Rc7+ Kg6 42. Rxa7 h5 43. Ra6+ Kg7 44. a4 Rd5 45. Rb6 Rd4 46. a5
Ra4 47. a6 h4 48. gxh4 gxh4 49. Kg2 Kf7 50. Kh3 Ke7 51. b3 Ra5 52. Kxh4 Kd7 53.
f4 Kc7 54. Rb7+ Kc6 55. Re7 Ra3 56. a7 Kb6 57. f5 1-0

[Event "chess.com SpeedChess Q2Sw"]
[Site "chess.com INT"]
[Date "2022.11.12"]
[Round "13"]
[White "Deac, Bogdan-Daniel"]
[Black "Indjic, Aleksandar"]
[Result "1-0"]
[WhiteTitle "GM"]
[BlackTitle "GM"]
[WhiteElo "2700"]
[BlackElo "2631"]
[WhiteFideId "1226380"]
[BlackFideId "911925"]
[EventDate "2022.11.12"]

1. e4 c5 2. Nf3 d6 3. d4 cxd4 4. Nxd4 Nf6 5. Nc3 a6 6. Bd3 e5 7. Nde2 Be7 8. O-O
O-O 9. Ng3 Re8 10. Bc4 Be6 11. Nd5 Nbd7 12. Be3 Rc8 13. Nxe7+ Qxe7 14. Bb3 Bxb3
15. axb3 Qe6 16. c4 h5 17. f3 g6 18. Ne2 Rc6 19. Ra5 Rb8 20. Qd3 b5 21. cxb5
axb5 22. Rxb5 Rxb5 23. Qxb5 Rc2 24. Nc3 Rxb2 25. Rb1 Rxb1+ 26. Nxb1 d5 27. exd5
Nxd5 28. Bf2 N7f6 29. Nd2 e4 30. fxe4 Nxe4 31. Nxe4 Qxe4 32. h3 Nf4 33. Qf1 g5
34. Bc5 h4 35. b4 Nd3 36. Qf6 Qe1+ 37. Kh2 Qg3+ 38. Kh1 Nf4 39. Qd8+ Kh7 40. Qd2
Ne6 41. Bf2 Qe5 42. Be3 Qf5 43. Qe1 Kg6 44. Kg1 Qe4 45. Qd2 Qc4 46. Qe1 f5 47.
Qd2 f4 48. Bf2 Kf6 49. Qb2+ Kf7 50. b5 g4 51. hxg4 h3 52. gxh3 Ng5 53. Qb1 Nxh3+
54. Kg2 Nxf2 55. Qf5+ Ke7 56. Qe5+ Kd7 57. Kxf2 Qc2+ 58. Kf3 Qd3+ 59. Kxf4 Qd2+
60. Kf5 Qd3+ 61. Kg5 Qd2+ 62. Kg6 Qd3+ 63. Qf5+ 1-0

[Event "chess.com SpeedChess Q2Sw"]
[Site "chess.com INT"]
[Date "2022.11.12"]
[Round "13"]
[White "Ankerst, Mihael"]
[Black "Czerw, Dawid"]
[Result "0-1"]
[WhiteTitle "FM"]
[BlackTitle "FM"]
[WhiteElo "2370"]
[BlackElo "2373"]
[WhiteFideId "14602369"]
[BlackFideId "1145746"]
[EventDate "2022.11.12"]

1. e4 c5 2. Nf3 Nc6 3. d4 cxd4 4. Nxd4 g6 5. Nc3 Bg7 6. Be3 Nf6 7. Bc4 O-O 8.
Bb3 d6 9. f3 Bd7 10. Qd2 Nxd4 11. Bxd4 b5 12. a4 b4 13. Nd5 a5 14. Nxf6+ exf6
15. O-O Be6 16. Rad1 Rc8 17. Qd3 Qc7 18. Rf2 Rfd8 19. Qb5 Rb8 20. Qa6 f5 21.
Bxg7 Kxg7 22. Bxe6 fxe6 23. exf5 gxf5 24. Qd3 Rb6 25. Re2 d5 26. g4 fxg4 27.
Qd4+ Kg8 28. Rg2 e5 29. Qxg4+ Rg6 30. Qe6+ Kh8 31. Rxg6 hxg6 32. Rxd5 Rxd5 33.
Qxd5 Qxc2 34. Qxe5+ Kh7 35. Qe7+ Kh6 36. Qf8+ Kh7 37. Qf7+ Kh6 38. b3 Qd1+ 39.
Kg2 Qd2+ 40. Kg3 Qg5+ 41. Kh3 Qe3 42. Qf8+ Kh7 43. Kg4 Qxb3 44. f4 Qe6+ 45. Kg5
Qf5+ 46. Qxf5 gxf5 47. Kxf5 b3 48. Ke6 Kg6 49. f5+ Kh7 50. f6 b2 51. f7 b1=Q 52.
f8=Q Qb3+ 53. Ke5 Qb2+ 54. Ke6 Qa2+ 55. Ke5 Qxh2+ 56. Kd5 Qa2+ 57. Ke5 Qb2+ 58.
Kd5 Qb3+ 59. Ke5 Qc3+ 60. Kd5 Qd2+ 61. Kc4 Qc2+ 62. Kb5 Qc3 0-1

[Event "chess.com SpeedChess Q2Sw"]
[Site "chess.com INT"]
[Date "2022.11.12"]
[Round "13"]
[White "Harshavardhan, G B"]
[Black "Salman, Pavel"]
[Result "1-0"]
[WhiteTitle "IM"]
[BlackTitle "FM"]
[WhiteElo "2426"]
[BlackElo "2287"]
[WhiteFideId "25059009"]
[BlackFideId "24153753"]
[EventDate "2022.11.12"]

1. d4 Nf6 2. c4 c5 3. d5 b5 4. Nd2 bxc4 5. e4 c3 6. bxc3 d6 7. Ngf3 g6 8. c4 Bg7
9. Bb2 Nbd7 10. Qc2 O-O 11. Bd3 Rb8 12. Rb1 Nb6 13. O-O Bd7 14. Ba1 Ba4 15. Qc1
e5 16. dxe6 fxe6 17. e5 Ng4 18. exd6 Bxa1 19. Rxa1 Qxd6 20. Be4 Bc6 21. Bxc6
Qxc6 22. h3 Nh6 23. Re1 Nf5 24. Qc3 Rb7 25. Re4 Rbf7 26. Rae1 Nd4 27. Nxd4 cxd4
28. Qxd4 Rxf2 29. Qxf2 Rxf2 30. Kxf2 Kg7 31. Kg1 Qc5+ 32. Kh1 Qd6 33. Nb3 Qa3
34. R1e2 Na4 35. Rxe6 Nc3 36. Re7+ Kh6 37. R2e3 Nd1 38. Re1 Nf2+ 39. Kg1 Qxa2
40. R7e3 Ne4 41. Nc1 Qf2+ 42. Kh2 Qf4+ 43. Kg1 Qf2+ 44. Kh2 Qf4+ 45. Kh1 Ng3+
46. Kg1 Nf5 47. Re4 Qd2 48. c5 Qd5 49. Re5 Qd4+ 50. Kh2 Qf4+ 51. Kg1 Qd4+ 52.
Kh1 Ng3+ 53. Kh2 Nf5 54. R1e4 Qd2 55. Ne2 a5 56. c6 Qc3 57. Rxa5 1-0